<?xml version="1.0" encoding="UTF-8"?>
<collection xmlns="http://www.loc.gov/MARC21/slim">
 <record>
  <leader>03615cam a2200709   4500</leader>
  <controlfield tag="001">1127910949</controlfield>
  <controlfield tag="003">DE-627</controlfield>
  <controlfield tag="005">20240331184314.0</controlfield>
  <controlfield tag="007">tu</controlfield>
  <controlfield tag="008">000521s1957    be |||||      00| ||fre c</controlfield>
  <datafield tag="035" ind1=" " ind2=" ">
   <subfield code="a">(DE-627)1127910949</subfield>
  </datafield>
  <datafield tag="035" ind1=" " ind2=" ">
   <subfield code="a">(DE-576)057910944</subfield>
  </datafield>
  <datafield tag="035" ind1=" " ind2=" ">
   <subfield code="a">(DE-599)BSZ057910944</subfield>
  </datafield>
  <datafield tag="035" ind1=" " ind2=" ">
   <subfield code="a">(OCoLC)164725725</subfield>
  </datafield>
  <datafield tag="035" ind1=" " ind2=" ">
   <subfield code="a">(OCoLC)164725725</subfield>
  </datafield>
  <datafield tag="035" ind1=" " ind2=" ">
   <subfield code="a">(DE-604)8070836477</subfield>
  </datafield>
  <datafield tag="040" ind1=" " ind2=" ">
   <subfield code="a">DE-627</subfield>
   <subfield code="b">ger</subfield>
   <subfield code="c">DE-627</subfield>
   <subfield code="e">rakwb</subfield>
  </datafield>
  <datafield tag="041" ind1=" " ind2=" ">
   <subfield code="a">fre</subfield>
  </datafield>
  <datafield tag="044" ind1=" " ind2=" ">
   <subfield code="c">XA-BE</subfield>
  </datafield>
  <datafield tag="050" ind1=" " ind2="0">
   <subfield code="a">NA5551.C59</subfield>
  </datafield>
  <datafield tag="084" ind1=" " ind2=" ">
   <subfield code="a">9,10</subfield>
   <subfield code="a">1</subfield>
   <subfield code="2">ssgn</subfield>
  </datafield>
  <datafield tag="084" ind1=" " ind2=" ">
   <subfield code="a">LM 28130</subfield>
   <subfield code="2">rvk</subfield>
   <subfield code="0">(DE-625)rvk/101115:</subfield>
  </datafield>
  <datafield tag="084" ind1=" " ind2=" ">
   <subfield code="a">BO 1520</subfield>
   <subfield code="2">rvk</subfield>
   <subfield code="0">(DE-625)rvk/13998:</subfield>
  </datafield>
  <datafield tag="084" ind1=" " ind2=" ">
   <subfield code="a">BO 1770</subfield>
   <subfield code="2">rvk</subfield>
   <subfield code="0">(DE-625)rvk/14028:</subfield>
  </datafield>
  <datafield tag="084" ind1=" " ind2=" ">
   <subfield code="a">11.50</subfield>
   <subfield code="2">bkl</subfield>
  </datafield>
  <datafield tag="084" ind1=" " ind2=" ">
   <subfield code="a">21.70</subfield>
   <subfield code="2">bkl</subfield>
  </datafield>
  <datafield tag="100" ind1="1" ind2=" ">
   <subfield code="a">Héliot, Pierre</subfield>
   <subfield code="d">1903-1984</subfield>
   <subfield code="0">(DE-588)122817346X</subfield>
   <subfield code="0">(DE-627)1749516454</subfield>
   <subfield code="4">aut</subfield>
  </datafield>
  <datafield tag="245" ind1="1" ind2="3">
   <subfield code="a">L' Abbaye de Corbie, ses églises et ses bâtiments</subfield>
   <subfield code="c">Pierre Héliot</subfield>
  </datafield>
  <datafield tag="264" ind1=" " ind2="1">
   <subfield code="a">Louvain</subfield>
   <subfield code="b">Bureax de la Revue, Bibliothèque de l'Univ.</subfield>
   <subfield code="c">1957</subfield>
  </datafield>
  <datafield tag="300" ind1=" " ind2=" ">
   <subfield code="a">168 S., X Taf.</subfield>
   <subfield code="b">Ill.</subfield>
  </datafield>
  <datafield tag="336" ind1=" " ind2=" ">
   <subfield code="a">Text</subfield>
   <subfield code="b">txt</subfield>
   <subfield code="2">rdacontent</subfield>
  </datafield>
  <datafield tag="337" ind1=" " ind2=" ">
   <subfield code="a">ohne Hilfsmittel zu benutzen</subfield>
   <subfield code="b">n</subfield>
   <subfield code="2">rdamedia</subfield>
  </datafield>
  <datafield tag="338" ind1=" " ind2=" ">
   <subfield code="a">Band</subfield>
   <subfield code="b">nc</subfield>
   <subfield code="2">rdacarrier</subfield>
  </datafield>
  <datafield tag="490" ind1="1" ind2=" ">
   <subfield code="a">Bibliothèque de la Revue d'histoire ecclésiastique</subfield>
   <subfield code="v">29</subfield>
  </datafield>
  <datafield tag="583" ind1="1" ind2=" ">
   <subfield code="a">Massenentsäuert</subfield>
   <subfield code="c">2015</subfield>
   <subfield code="k">DE-18</subfield>
   <subfield code="2">pdager</subfield>
   <subfield code="5">DE-18-308</subfield>
  </datafield>
  <datafield tag="583" ind1="1" ind2=" ">
   <subfield code="a">Archivierung/Langzeitarchivierung gewährleistet</subfield>
   <subfield code="f">SSG</subfield>
   <subfield code="2">pdager</subfield>
   <subfield code="5">DE-21</subfield>
  </datafield>
  <datafield tag="583" ind1="1" ind2=" ">
   <subfield code="a">Archivierung/Langzeitarchivierung gewährleistet</subfield>
   <subfield code="f">SSG</subfield>
   <subfield code="x">XA-DE-BW</subfield>
   <subfield code="2">pdager</subfield>
   <subfield code="5">DE-16</subfield>
  </datafield>
  <datafield tag="583" ind1="1" ind2=" ">
   <subfield code="a">Archivierung prüfen</subfield>
   <subfield code="c">20240324</subfield>
   <subfield code="f">DE-4165</subfield>
   <subfield code="z">2</subfield>
   <subfield code="2">pdager</subfield>
  </datafield>
  <datafield tag="653" ind1=" " ind2="0">
   <subfield code="a">Corbie (France)</subfield>
   <subfield code="a">Saint Pierre (Benedictine abbey)</subfield>
  </datafield>
  <datafield tag="689" ind1="0" ind2="0">
   <subfield code="d">b</subfield>
   <subfield code="0">(DE-588)4253802-6</subfield>
   <subfield code="0">(DE-627)104714263</subfield>
   <subfield code="0">(DE-576)21053401X</subfield>
   <subfield code="a">Kloster Corbie</subfield>
   <subfield code="2">gnd</subfield>
  </datafield>
  <datafield tag="689" ind1="0" ind2="1">
   <subfield code="d">s</subfield>
   <subfield code="0">(DE-588)4002851-3</subfield>
   <subfield code="0">(DE-627)104280352</subfield>
   <subfield code="0">(DE-576)208848975</subfield>
   <subfield code="a">Architektur</subfield>
   <subfield code="2">gnd</subfield>
  </datafield>
  <datafield tag="689" ind1="0" ind2=" ">
   <subfield code="5">(DE-627)</subfield>
  </datafield>
  <datafield tag="689" ind1="1" ind2="0">
   <subfield code="d">b</subfield>
   <subfield code="0">(DE-588)4253802-6</subfield>
   <subfield code="0">(DE-627)104714263</subfield>
   <subfield code="0">(DE-576)21053401X</subfield>
   <subfield code="a">Kloster Corbie</subfield>
   <subfield code="2">gnd</subfield>
  </datafield>
  <datafield tag="689" ind1="1" ind2="1">
   <subfield code="d">s</subfield>
   <subfield code="0">(DE-588)4002851-3</subfield>
   <subfield code="0">(DE-627)104280352</subfield>
   <subfield code="0">(DE-576)208848975</subfield>
   <subfield code="a">Architektur</subfield>
   <subfield code="2">gnd</subfield>
  </datafield>
  <datafield tag="689" ind1="1" ind2=" ">
   <subfield code="5">(DE-627)</subfield>
  </datafield>
  <datafield tag="787" ind1="0" ind2="8">
   <subfield code="i">Rezensiert in</subfield>
   <subfield code="a">Lehmann, Edgar</subfield>
   <subfield code="t">[Rezension von: Pierre Héliot, L'Abbaye de Corbie, ses églises et ses bâtiments]</subfield>
   <subfield code="d">Nürnberg : Carl, 1957</subfield>
   <subfield code="w">(DE-627)1737614626</subfield>
  </datafield>
  <datafield tag="830" ind1=" " ind2="0">
   <subfield code="a">Revue d'histoire ecclésiastique / Bibliothèque</subfield>
   <subfield code="v">29</subfield>
   <subfield code="9">29</subfield>
   <subfield code="w">(DE-627)129508721</subfield>
   <subfield code="w">(DE-576)014915014</subfield>
   <subfield code="w">(DE-600)209780-1</subfield>
   <subfield code="x">0067-8279</subfield>
   <subfield code="7">ns</subfield>
  </datafield>
  <datafield tag="889" ind1=" " ind2=" ">
   <subfield code="w">(DE-627)314147233</subfield>
  </datafield>
  <datafield tag="935" ind1=" " ind2=" ">
   <subfield code="a">mteo</subfield>
  </datafield>
  <datafield tag="935" ind1=" " ind2=" ">
   <subfield code="i">mdedup</subfield>
  </datafield>
  <datafield tag="936" ind1="r" ind2="v">
   <subfield code="a">LM 28130</subfield>
   <subfield code="b">Corbie</subfield>
   <subfield code="k">Kunstgeschichte</subfield>
   <subfield code="k">Kunst nach Ländern bzw. Kontinenten</subfield>
   <subfield code="k">Frankreich</subfield>
   <subfield code="k">Kunsttopografie Frankreichs</subfield>
   <subfield code="k">Alphabetische Liste der französischen Orte</subfield>
   <subfield code="k">Orte C</subfield>
   <subfield code="k">Corbie</subfield>
   <subfield code="0">(DE-627)1271305852</subfield>
   <subfield code="0">(DE-625)rvk/101115:</subfield>
   <subfield code="0">(DE-576)201305852</subfield>
  </datafield>
  <datafield tag="936" ind1="r" ind2="v">
   <subfield code="a">BO 1520</subfield>
   <subfield code="b">Reihen zum Gesamtgebiet der Kirchengeschichte</subfield>
   <subfield code="k">Theologie und Religionswissenschaften</subfield>
   <subfield code="k">Patrologie und Kirchengeschichte</subfield>
   <subfield code="k">Schriftenreihen</subfield>
   <subfield code="k">Reihen zum Gesamtgebiet der Kirchengeschichte</subfield>
   <subfield code="0">(DE-627)1270743767</subfield>
   <subfield code="0">(DE-625)rvk/13998:</subfield>
   <subfield code="0">(DE-576)200743767</subfield>
  </datafield>
  <datafield tag="936" ind1="r" ind2="v">
   <subfield code="a">BO 1770</subfield>
   <subfield code="b">Einzelne Klöster (CSN des Namens)</subfield>
   <subfield code="k">Theologie und Religionswissenschaften</subfield>
   <subfield code="k">Patrologie und Kirchengeschichte</subfield>
   <subfield code="k">Kirchengeschichte nach Sachgebieten</subfield>
   <subfield code="k">Ordensgeschichte</subfield>
   <subfield code="k">Darstellungen:</subfield>
   <subfield code="k">Einzelne Klöster (CSN des Namens)</subfield>
   <subfield code="0">(DE-627)1270658832</subfield>
   <subfield code="0">(DE-625)rvk/14028:</subfield>
   <subfield code="0">(DE-576)200658832</subfield>
  </datafield>
  <datafield tag="936" ind1="b" ind2="k">
   <subfield code="a">11.50</subfield>
   <subfield code="j">Kirchengeschichte</subfield>
   <subfield code="j">Dogmengeschichte</subfield>
   <subfield code="0">(DE-627)106403877</subfield>
  </datafield>
  <datafield tag="936" ind1="b" ind2="k">
   <subfield code="a">21.70</subfield>
   <subfield code="j">Geschichte der Sakralbaukunst</subfield>
   <subfield code="0">(DE-627)106421255</subfield>
  </datafield>
  <datafield tag="951" ind1=" " ind2=" ">
   <subfield code="a">BO</subfield>
  </datafield>
  <datafield tag="990" ind1=" " ind2=" ">
   <subfield code="a">Kloster Corbie</subfield>
  </datafield>
  <datafield tag="990" ind1=" " ind2=" ">
   <subfield code="a">Architektur</subfield>
  </datafield>
  <datafield tag="990" ind1=" " ind2=" ">
   <subfield code="a">Kloster Corbie</subfield>
  </datafield>
  <datafield tag="990" ind1=" " ind2=" ">
   <subfield code="a">Architektur</subfield>
  </datafield>
  <datafield tag="991" ind1=" " ind2=" ">
   <subfield code="a">Rezensiertes Werk</subfield>
  </datafield>
  <datafield tag="999" ind1=" " ind2=" ">
   <subfield code="a">KXP-PPN1127910949</subfield>
   <subfield code="e">4084732036</subfield>
  </datafield>
 </record>
</collection>
